| 000 | 00524nam a2200181Ia 4500 | ||
|---|---|---|---|
| 003 | GCL | ||
| 008 | 140319s9999 xx 000 0 eng d | ||
| 020 | _a9774243870 | ||
| 040 |
_aGCL / _cGCL |
||
| 082 | 0 | 4 |
_aCC _b962.1 _bH A |
| 100 | 1 | _aHAAG, MICHAEL | |
| 245 | 1 | 0 |
_aALEXANDRIA : _bCITY OF MEMORY / _cHAAG, MICHAEL |
| 260 |
_aالقاهرة : _bTHE AMERICAN UNIVERSITY IN CAIRO PRESS ، _c2004 |
||
| 300 |
_a24 CM ؛ _c368 P |
||
| 650 | 0 | 4 | _aALEXANDRIA (EGYPT) |
| 650 | 0 | 4 | _aALEXANDRIA (EGYPT) - HISTORY |
| 942 |
_2ddc _cBK |
||
| 999 |
_c7430 _d7430 |
||